LEADER 01708cam a2200289 4500 001 991003171379707536 005 20250430130148.0 008 950720s1812 enkaef b 000 0 eng d 035 $ab14292233-39ule_inst 035 $aCICOGNARA-4534$9ExL 040 $aBibl. Interfacoltà T. Pellegrino$bita 100 0 $aVitruvius Pollio$d$08237 240 10$aDe architectura$9(Vitruvius Pollio, sec. I a.C.).$lInglese$918291 245 14$aThe civil architecture of Vitruvius.$bComprising those books of the author which relate to the public and private edifices of the ancients.$cTranslated by William Wilkins ... Illustrated by numerous engravings. With an introduction, containing an historical view of the rise and progress of architecture amongst the Greeks. 260 $aLondon :$bfor Longman, Hurst, Rees, Orme, and Brown,$c1812$e(Whitefriars :$fprinted by Thomas Davison) 300 $a[8], lxxvi, 93, [2] p., 14 c. di tav. :$bill., piante; $c2° (51 cm). 500 $aIncisioni calcografiche. 500 $aRiproduzione in microfiche dell'originale conservato presso la Biblioteca Apostolica Vaticana 504 $aIndicazioni bibliografiche nelle note. 787 18$iLeopoldo Cicognara Program :$tBiblioteca Cicognara$h[microform] : literary sources in the history of art and kindred subjects 787 18$tCatalogo ragionato dei libri d'arte e d'antichità / Leopoldo Cicognara 907 $a.b14292233$b01-04-22$c28-07-16 912 $a991003171379707536 945 $aLE002 SB Raccolta Cicognara, mcrf 744$g0$lle002$pE0.00$rn$so $t11$u0$v0$w0$x0$y.i15763596$z28-07-16 996 $aDe architectura$918291 997 $aUNISALENTO 998 $ale002$b28-07-16$cm$dg $e-$feng$genk$h4$i1